Cāndinī ʻain zahiru. (Record no. 89633)

MARC details
000 -LEADER
fixed length control field 00489cam a22002051 4500
001 - CONTROL NUMBER
control field sa 68020997
003 - CONTROL NUMBER IDENTIFIER
control field DLC
005 - DATE AND TIME OF LATEST TRANSACTION
control field 20260227112728.0
008 - FIXED-LENGTH DATA ELEMENTS--GENERAL INFORMATION
fixed length control field 080422s1964 xx 000 0 snd
010 ## - LIBRARY OF CONGRESS CONTROL NUMBER
LC control number sa 68020997
020 ## - INTERNATIONAL STANDARD BOOK NUMBER
Terms of availability Rsl.50
040 ## - CATALOGING SOURCE
Original cataloging agency DLC
Transcribing agency DLC
Modifying agency DLC
050 00 - LIBRARY OF CONGRESS CALL NUMBER
Classification number PK2788.9.M57
Item number C3
100 0# - MAIN ENTRY--PERSONAL NAME
Personal name Mohan Kalpana,
Dates associated with a name 1930-
245 10 - TITLE STATEMENT
Title Cāndinī ʻain zahiru.
260 ## - PUBLICATION, DISTRIBUTION, ETC.
Place of publication, distribution, etc. n.p.
Date of publication, distribution, etc. 1964.
300 ## - PHYSICAL DESCRIPTION
Extent 95 p. ;
Dimensions 19 cm.
500 ## - GENERAL NOTE
General note In Sindhi.
500 ## - GENERAL NOTE
General note Short stories.

No items available.

Powered by Koha